| 000 -LEADER |
| fixed length control field |
01094nam a2200217Ia 4500 |
| 001 - CONTROL NUMBER |
| control field |
3704 |
| 003 - CONTROL NUMBER IDENTIFIER |
| control field |
GE_BSU |
| 005 - DATE AND TIME OF LATEST TRANSACTION |
| control field |
20221031103027.0 |
| 008 - FIXED-LENGTH DATA ELEMENTS--GENERAL INFORMATION |
| fixed length control field |
181216s2007ru xx |||||||||||||| ||rus|| |
| 040 ## - CATALOGING SOURCE |
| Transcribing agency |
GE_BSU |
| 041 ## - LANGUAGE CODE |
| Language code of text/sound track or separate title |
rus |
| 080 ## - UNIVERSAL DECIMAL CLASSIFICATION NUMBER |
| Universal Decimal Classification number |
323(479.9)Б-59 |
| 100 ## - MAIN ENTRY--PERSONAL NAME |
| Personal name |
Бибилашвили, Алла |
| 9 (RLIN) |
15657 |
| 245 ## - TITLE STATEMENT |
| Title |
Социально-политические и этноконфессиональные проблемы Северного Кавказа / |
| Statement of responsibility, etc. |
Алла Бибилашвили, ред. Важа Кешелава. |
| 264 ## - PRODUCTION, PUBLICATION, DISTRIBUTION, MANUFACTURE, AND COPYRIGHT NOTICE |
| Place of production, publication, distribution, manufacture |
Тбилиси : |
| Name of producer, publisher, distributor, manufacturer |
Ахали Азри, |
| Date of production, publication, distribution, manufacture, or copyright notice |
2007. |
| 300 ## - PHYSICAL DESCRIPTION |
| Extent |
109 с.: |
| Other physical details |
20 см. |
| 653 ## - INDEX TERM--UNCONTROLLED |
| keyword |
Социально-политические и этноконфессиональные проблемы Северного Кавказа. |
| 653 ## - INDEX TERM--UNCONTROLLED |
| keyword |
ჩრდილოეთ კავკასიის სოციალურ-პოლიტიკური და ეთნოკონფესიური პრობლემები. |
| 700 ## - ADDED ENTRY--PERSONAL NAME |
| Personal name |
Кешелава, Важа |
| Relator term |
რედაქტორი |
| 9 (RLIN) |
15658 |
| 942 ## - ADDED ENTRY ELEMENTS (KOHA) |
| Koha item type |
წიგნი |
| Source of classification or shelving scheme |
|